LEADER 02488nam 2200625 a 450 001 9910785571103321 005 20230721013741.0 010 $a92-2-121800-7 035 $a(CKB)2670000000068917 035 $a(EBL)615915 035 $a(OCoLC)701703915 035 $a(SSID)ssj0000939174 035 $a(PQKBManifestationID)11577173 035 $a(PQKBTitleCode)TC0000939174 035 $a(PQKBWorkID)10937386 035 $a(PQKB)10950067 035 $a(MiAaPQ)EBC615915 035 $a(Au-PeEL)EBL615915 035 $a(CaPaEBR)ebr10512019 035 $a(EXLCZ)992670000000068917 100 $a20111212d2009 uy 0 101 0 $aeng 135 $aur|n|---||||| 181 $ctxt 182 $cc 183 $acr 200 00$a2008 labour overview$b[electronic resource] $eLatin America and the Caribbean 205 $a1st ed. 210 $aGeneva $cInternational Labour Office, Regional Office for Latin America and the Caribbean$d2009 215 $a1 online resource (129 p.) 225 0 $aLabour overview : Latin America and the Caribbean,$x1020-3923 300 $aDescription based upon print version of record. 311 $a92-2-121799-X 327 $aForeword; Acknowledgments; Contents; LIST OF BOX ARTICLES; AFTER SEVERAL YEARS OF FAVOURABLE TRENDS, THE REGIONAL LABOUR MARKET WILL BE AFFECTED BY THE GLOBAL ECONOMIC CRISIS IN 2009; SMALL BUSINESSES AND GLOBALIZATION: THE CHALLENGE OF DECENT WORK IN LATIN AMERICA; EXPLANATORY NOTE; STATISTICAL ANNEX 330 $aThis edition provides evidence of the effects of an unprecedented international crisis that has cast a shadow over the global economy and is reflected in the employment situation in the region. Employment will be a challenge in 2009. As ILO Director-General, Juan Somavia stated, ""The ILO's message is realistic, not alarmist"" with respect to this situation. 606 $aLabor$zLatin America 606 $aLabor$zLatin America$vStatistics 606 $aLabor$zCaribbean Area 606 $aLabor$zCaribbean Area$vStatistics 606 $aWorking class$zLatin America 606 $aWorking class$zCaribbean Area 615 0$aLabor 615 0$aLabor 615 0$aLabor 615 0$aLabor 615 0$aWorking class 615 0$aWorking class 676 $a331/.098/05 801 0$bMiAaPQ 801 1$bMiAaPQ 801 2$bMiAaPQ 906 $aBOOK 912 $a9910785571103321 996 $a2008 labour overview$93831073 997 $aUNINA LEADER 01819nam 2200421 450 001 9910813121703321 005 20230807214819.0 010 $a2-335-04147-9 035 $a(CKB)3790000000023151 035 $a(EBL)2086304 035 $a(MiAaPQ)EBC2086304 035 $a(Au-PeEL)EBL2086304 035 $a(OCoLC)914153023 035 $a(EXLCZ)993790000000023151 100 $a20200120d2015 uy 0 101 0 $afre 135 $aur|n|---||||| 181 $ctxt$2rdacontent 182 $cc$2rdamedia 183 $acr$2rdacarrier 200 10$aCoup d'oeil sur les poisons et les sciences occultes $edepuis l'antiquite? jusqu'au XVIIIe sie?cle /$fE?mile Gilbert 210 1$a[Place of publication not identified] :$cLigaran,$d[2015] 210 4$d©2015 215 $a1 online resource (43 p.) 300 $aDescription based upon print version of record. 327 $aCouverture; Page de Copyright; Page de titre; Premie?re pe?riode; Deuxie?me pe?riode - De Dioscoride au XVIe sie?cle; Troisie?me pe?riode - Du XVIe au XVIIIe sie?cle; Conclusion 330 $a Extrait : ""Orphe?e, me?decin et poe?te, est le premier auteur de l'antiquite? qui, sans la nommer, se soit occupe? de la science Toxicologique. En effet, dans son poe?me des Pierres, il parle des diffe?rents poisons tire?s des ve?ge?taux, et du re?gne animal ; et de quelques pierres pre?cieuses, que l'on conside?rait comme antidotes ; il ne nomme point l'arsenic."" 606 $aPoisons$xHistory 615 0$aPoisons$xHistory. 676 $a615.9009 700 $aGilbert$b E?mile$01659095 801 0$bMiAaPQ 801 1$bMiAaPQ 801 2$bMiAaPQ 906 $aBOOK 912 $a9910813121703321 996 $aCoup d'oeil sur les poisons et les sciences occultes$94013572 997 $aUNINA LEADER 01712oas 2200637 a 450 001 9910131838903321 005 20251015213014.0 011 $a2328-2002 035 $a(DE-599)ZDB2538518-5 035 $a(OCoLC)300516480 035 $a(CONSER) 2010234739 035 $a(CKB)110978978554205 035 $a(EXLCZ)99110978978554205 100 $a20090130b19812005 uy a 101 0 $aeng 135 $aur||||||||||| 181 $ctxt$2rdacontent 182 $cc$2rdamedia 183 $acr$2rdacarrier 200 10$aText $etransactions of the Society for Textual Scholarship 210 $aNew York $cAMS Press$d©1984-©2005 300 $aPublished: Ann Arbor : University of Michigan Press, v. 7 (1994)--v. 16 (2006); Bloomington, Indiana : Society for Textual Scholarship, v. 17 (2005). 311 08$a0736-3974 606 $aCriticism, Textual$vPeriodicals 606 $aCritique textuelle 606 $aCriticism, Textual$2fast$3(OCoLC)fst00883762 608 $aPeriodicals.$2fast 608 $aPeriodicals.$2lcgft 615 0$aCriticism, Textual 615 6$aCritique textuelle. 615 7$aCriticism, Textual. 676 $a801/.959/05 712 02$aSociety for Textual Scholarship 801 0$bOCLCE 801 1$bOCLCE 801 2$bOCLCQ 801 2$bEYM 801 2$bHUL 801 2$bOCLCQ 801 2$bDLC 801 2$bOCLCF 801 2$bOCLCQ 801 2$bGILDS 801 2$bOCLCO 801 2$bVT2 801 2$bSFB 801 2$bOCLCQ 801 2$bU3W 801 2$bOCLCQ 801 2$bOCLCL 801 2$bVLW 801 2$bUEJ 906 $aJOURNAL 912 $a9910131838903321 996 $aText$9649997 997 $aUNINA